[Event "FICGS rapid B 000177 email"]
[Site "FICGS email"]
[Date "2011.03.02"]
[Round "1"]
[White "Permeniter, Herve"]
[Black "Sternik, Ryszard"]
[Result "0-1"]
[WhiteElo "1780"]
[BlackElo "1798"]
[PlyCount "32"]
[EventDate "2011.??.??"]
[EventType "tourn (rapid)"]
[EventRounds "1"]
[SourceTitle "Corr 2013"]
[Source "ChessBase"]
[SourceDate "2012.11.12"]
[SourceVersion "1"]
[SourceVersionDate "2012.11.12"]
[SourceQuality "1"]

1. e4 e5 2. Bc4 Nf6 3. d3 c6 4. Nf3 d5 5. exd5 cxd5 6. Bb5+ Bd7 7. Bxd7+ Nbxd7 8. 0-0 Qc7 9. Re1 Bb4 10. c3 Bd6 11. Nbd2 0-0 12. Nf1 Rfe8 13. Ng3 e4 14. dxe4 dxe4 15. Nd4 Bxg3 16. hxg3 Nc5 0-1